Análisis de sistemas: diseño y métodos
Salvato in:
| Autori principali: | , |
|---|---|
| Natura: | Libro |
| Lingua: | spagnolo |
| Pubblicazione: |
Cuernavaca
McGraw-Hill
2008
|
| Edizione: | 7a. ed |
| Soggetti: | |
| Tags: |
Aggiungi Tag
Nessun Tag, puoi essere il primo ad aggiungerne!!
|
MARC
| LEADER | 00000cam a2200000 a 4500 | ||
|---|---|---|---|
| 001 | UCF8192 | ||
| 003 | CL-VaPUC | ||
| 008 | 130802e20080000mx |||||||||||||||||spa|d | ||
| 020 | |a 9789701066140 | ||
| 082 | 0 | 4 | |a 004.21 |b WHI |2 21 |
| 100 | 0 | |a Whitten, Jeffrey L |e author |9 570280 | |
| 700 | 0 | |a Bentley, Lonnie D |e author |9 570281 | |
| 245 | 1 | 0 | |a Análisis de sistemas: diseño y métodos |
| 250 | |a 7a. ed | ||
| 300 | |a 569 p | ||
| 942 | |c BK | ||
| 945 | |d 20130802 12:08:00 |a dcastane | ||
| 260 | |a Cuernavaca |b McGraw-Hill |c 2008 | ||
| 650 | 0 | |a Sistemas de comunicación |9 260934 | |
| 650 | 0 | |a Diseño de sistemas |9 262363 | |
| 650 | 0 | |a Análisis de sistemas |9 260059 | |
| 650 | 7 | |a CIENCIAS DE LA INFORMACION |2 CL-VaPUC |9 255964 | |
| 583 | |a last modification |c 20130802 12:08:00 |k Rodrigo Vera | ||
| 999 | |c 352827 |d 352825 | ||
| 952 | |0 0 |1 0 |2 ddc |4 0 |6 004_210000000000000_WHI_2008 |7 0 |8 A |9 457504 |a BIBING |b BIBING |c RES |d 2019-11-22 |i 4993136 |o 004.21 WHI 2008 |p 4993136 |r 2025-01-20 |w 2019-11-22 |y BK |k CCI | ||
| 952 | |0 0 |1 0 |2 ddc |4 0 |6 004_210000000000000_WHI_2008 |7 0 |8 A |9 457505 |a BIBING |b BIBING |c RES |d 2019-11-22 |i 4993144 |o 004.21 WHI 2008 |p 4993144 |r 2025-01-20 |w 2019-11-22 |y BK |k CCI | ||
| 952 | |0 0 |1 0 |2 ddc |4 0 |6 004_210000000000000_WHI_2008 |7 0 |8 A |9 457506 |a BIBING |b BIBING |c RES |d 2019-11-22 |i 4993152 |o 004.21 WHI 2008 |p 4993152 |r 2025-01-20 |w 2019-11-22 |y BK |k CCI | ||
| 952 | |0 0 |1 0 |2 ddc |4 0 |6 004_210000000000000_WHI_2008 |7 0 |8 A |9 457507 |a BIBING |b BIBING |c RES |d 2019-11-22 |i 4993160 |o 004.21 WHI 2008 |p 4993160 |r 2025-01-20 |w 2019-11-22 |y BK |k CCI | ||
| 952 | |0 0 |1 0 |2 ddc |4 0 |6 004_210000000000000_WHI_2008 |7 0 |8 A |9 457508 |a BIBING |b BIBING |c RES |d 2019-11-22 |i 4993179 |o 004.21 WHI 2008 |p 4993179 |r 2025-01-20 |w 2019-11-22 |y BK |k CCI | ||
| 952 | |0 0 |1 0 |2 ddc |4 0 |6 004_210000000000000_WHI_2008 |7 0 |8 A |9 457509 |a BIBING |b BIBING |c RES |d 2019-11-22 |i 4993187 |o 004.21 WHI 2008 |p 4993187 |r 2025-01-20 |w 2019-11-22 |y BK |k CCI | ||
| 952 | |0 0 |1 0 |2 ddc |4 0 |6 004_210000000000000_WHI_2008 |7 0 |8 A |9 457510 |a BIBING |b BIBING |c RES |d 2019-11-22 |i 4993195 |o 004.21 WHI 2008 |p 4993195 |r 2025-01-20 |w 2019-11-22 |y BK |k CCI | ||
| 952 | |0 0 |1 0 |2 ddc |4 0 |6 004_210000000000000_WHI_2008 |7 0 |8 A |9 457511 |a BIBING |b BIBING |c RES |d 2019-11-22 |i 4993209 |o 004.21 WHI 2008 |p 4993209 |r 2025-01-20 |w 2019-11-22 |y BK |k CCI | ||
| 952 | |0 0 |1 0 |2 ddc |4 0 |6 004_210000000000000_WHI_2008 |7 0 |8 A |9 457512 |a BIBING |b BIBING |c RES |d 2019-11-22 |i 4993217 |o 004.21 WHI 2008 |p 4993217 |r 2025-01-20 |w 2019-11-22 |y BK |k CCI | ||
| 952 | |0 0 |1 0 |2 ddc |4 0 |6 004_210000000000000_WHI_2008 |7 0 |8 A |9 457513 |a BIBING |b BIBING |c RES |d 2019-11-22 |i 4993225 |o 004.21 WHI 2008 |p 4993225 |r 2025-01-20 |w 2019-11-22 |y BK |k CCI | ||